Profesjonalne Sportowe Zespoły Nowego Jorku - Statystyki

Ogólne statystyki
  • Ten quiz został rozwiązany 13 razy
  • Średni wynik to 3 z 10
Statystyki odpowiedzi
Liga Zespół % Poprawnych
NBA New York Knicks
92%
NBA Brooklyn Nets
50%
NHL New York Rangers
42%
NHL New York Islanders
33%
MLB New York Yankees
25%
MLB New York Mets
17%
NFL New York Giants
8%
NFL New York Jets
8%
NFL Buffalo Bills
0%
NHL Buffalo Sabres
0%
Nie znaleziono quizów pasujących do podanych kryteriów
Rozkład punktacji
Procent ludzi z każdym wynikiem
Percentyl według liczby udzielonych odpowiedzi
Twoja historia wyników
Nie rozwiązałeś tego quizu